Dünnbesiedelste Landkreise Deutschlands - Statistiken

Allgemein
  • Dieses Quiz wurde 41 mal gespielt
  • Das Durchschnittsergebnis liegt bei 6 aus 20
Antwortstatistiken
Ew./km² Landkreis % Korrekt
47 Mecklenburgische Seenplatte
71%
38 Uckermark
68%
64 Rostock
53%
60 Vorpommern-Greifswald
53%
45 Ludwigslust-Parchim
47%
68 Spree-Neiße/ Vulkaneifel
47%
35 Prignitz
44%
53 Elbe-Elster
32%
40 Ostprignitz-Ruppin
32%
40 Lüchow-Dannenberg
29%
65 Uelzen
29%
45 Stendal
26%
57 Jerichower Land
24%
36 Altmarkkreis Salzwedel
21%
64 Eifelkreis Bitburg-Prüm
18%
64 Wittenberg
15%
67 Tirschenreuth
12%
65 Hildburghausen
9%
68 Neustadt an der Waldnaab
3%
68 Saale-Orla-Kreis
0%
Keine übereinstimmenden Quizze gefunden
Verteilung der Resultate
Anzahl Personen mit jedem Resultat
Perzentil nach korrekt beantworteten Fragen
Ihre Resultats-Entwicklung
Sie haben dieses Quiz noch nicht gespielt